Manažérske spôsobilosti učiteľa v pedagogickom procese
Na minha lista:
| Autor principal: | |
|---|---|
| Formato: | Capítulo de Livro |
| Idioma: | eslovaco |
| Assuntos: | |
| Tags: |
Sem tags, seja o primeiro a adicionar uma tag!
|
MARC
| LEADER | 00000naa$a2200000$$$4500 | ||
|---|---|---|---|
| 001 | 0051047 | ||
| 005 | 20240502071606.9 | ||
| 041 | 0 | |a slo | |
| 044 | |a SK | ||
| 245 | 1 | 0 | |a Manažérske spôsobilosti učiteľa v pedagogickom procese |
| 610 | 2 | 0 | |a vzdelávanie |
| 610 | 2 | 0 | |a vyučovanie |
| 610 | 2 | 0 | |a učitelia |
| 610 | 2 | 0 | |a manažéri |
| 610 | 2 | 0 | |a študenti |
| 610 | 2 | 0 | |a plánovanie |
| 610 | 2 | 0 | |a motivácia |
| 610 | 2 | 0 | |a riadenie |
| 100 | 1 | |a Novák, Jaromír, 1978- | |